000
00269nam a2200097Ia 4500
008
230915s9999 xx 000 0 und d
050
_a
RC 776 .P87 H39 2012
100
_a
HAYES,BOYER RONALD
245
0
_a
`PULMONARY HYPERTENSION:A PATIENT'S SURVIVAL GUIDE
942
_c
BK
999
_c
196785
_d
196785